| 000 | 00750nam a22002417a 4500 | ||
|---|---|---|---|
| 005 | 20170124110036.0 | ||
| 010 | _aB-121771 | ||
| 020 |
_c450.00 _a817625455 |
||
| 035 | _aB-121771 | ||
| 037 | _bCen Lib/Ret | ||
| 040 |
_aDPL _bEN |
||
| 082 |
_a371.912 _bVIJ |
||
| 100 |
_aVijay Pratap Singh _917418 |
||
| 245 |
_aEducating deaf child / _cby Vijay Pratap Singh |
||
| 260 |
_aNew Delhi _bSarup and Sons _c2004 |
||
| 270 |
_a4740/23, Ansari Road Darya Ganj _bNew Delhi _e110002 |
||
| 300 |
_a254p. _c22cm(Hb) |
||
| 490 |
_aSarup special education series _v5 |
||
| 500 | _aIncludes index | ||
| 650 |
_aHearing impaired children--Education _922666 |
||
| 650 |
_aDeaf children--Education _922667 |
||
| 942 |
_2ddc _cEN _h371.912 _mVIJ |
||
| 999 |
_c128193 _d128193 |
||